| 000 | 02074nam a2200373Ia 4500 | ||
|---|---|---|---|
| 999 |
_c17983 _d17983 |
||
| 001 | 464303636 | ||
| 003 | AUA.1 | ||
| 005 | 20200224101343.0 | ||
| 008 | 091109s2008 miua 000 0 eng d | ||
| 020 | _a9780981512341 | ||
| 020 | _a9780981512358 (application guide) | ||
| 020 | _a0981512348 | ||
| 035 | _a(OCoLC)464303636 | ||
| 040 |
_aLLU _cLLU _dEXN _dJTL |
||
| 050 |
_aBX6122.6.H46 _bY68 2008 |
||
| 100 | 1 |
_aYoungberg, John, _d1932- |
|
| 245 | 1 | 0 |
_aWIN! wellness : _bintegrated balanced living ; presenters manual / _cJohn B. Youngberg, Millie Youngberg, Wesley Youngberg. |
| 246 | 1 | _aIntegrated balanced living. | |
| 250 | _a2nd ed. | ||
| 260 |
_aBerrien Springs, Mich. : _bWIN! Wellness, _cc2008. |
||
| 300 |
_a498 p. : _bcol. ill. ; _c28 cm. + _e1 application guide + 1 DVD/CD. |
||
| 500 | _aSeminar based upon 21 factors for cultivating a healthy lifestyle. Accompanied with a DVD/CD that has visuals, but no sound. These are marked Standard DVD and Professional CD, but seem to have the same information available within the item. Copy 3 is marked Professional DVD, but again seems to have the same information available within the item. | ||
| 500 | _awww.winwellness.org. | ||
| 500 | _a029023 contains a second copy of the application guide and a 3rd copy of the DVD/CD; also what appears to be the first professional edition (2007) of the DVD, 2 copies of the Homes of Hope 3-disc DVD set (Getting Started/Pressing Forward/Finishing Strong), the Spanish language version of the DVD/CD, and the Spanish language version of the Homes of Hope 3-disc DVD set (El Comienzo/Avanzando/Terminando con Energia) | ||
| 650 | 0 |
_aHealth _xReligious aspects _xSeventh-day Adventists. |
|
| 650 | 0 |
_aMental health _xReligious aspects _xSeventh-day Adventists. |
|
| 700 | 1 | _aYoungberg, Millie. | |
| 700 | 1 | _aYoungberg, Wesley. | |
| 730 | 2 | _aHomes of hope & health | |
| 730 | 0 | 2 | _aHogares de esperanza y salud. |
| 730 | 0 | 2 | _aSi! Salud integral. |
| 730 | 0 | 2 | _aVida integral y abundante. |
| 942 |
_2lcc _cDWBSLC _hBX 6122.6 .H46 _iY68 2008 |
||